000 00720nam a2200205 i 4500
001 56320
003 ES-MaACL
005 20231111062526.0
007 t|
008 031007s1960 sp ||||1| spa d
100 1 _aDíez Echarri, Emiliano.
_944722
245 1 0 _aHistoria de la literatura española e hispanoamericana /
_cEmiliano Díez Echarri, José María Roca Franquesa.
260 _aMadrid :
_bAguilar,
_c1960.
300 _aXXXV, 1590 p. ;
_c26 cm.
650 4 _aLiteratura española-
_xHistoria y crítica
_914560
650 0 4 _aLiteratura hispanoamericana-
_xHistoria y crítica.
_914606
700 1 _aRoca Franquesa, José María.
_997993
852 _aES-MaACL
_jC-15377
_bR.46877
999 _c56320
_d56320